Загрузка...

Doctor faustus

Библиографические подробности
Главные авторы: Gill, Roma, Marlowe, Christopher
Формат: Printed Book
Опубликовано: London, Ernest Benn 1965
Серии:The new mermaids
Предметы:
LEADER 005230000a22001810004500
020 |a 0-510-33821-6 
082 |a 822 MAR/D K5 
100 |a Gill, Roma  |f Ed 
100 |a Marlowe, Christopher 
245 |a Doctor faustus 
260 |a London, Ernest Benn 
260 |c 1965 
490 |a The new mermaids 
650 |a Drama 
650 |a English literature 
942 |c BK 
999 |c 134203  |d 134199 
952 |0 0  |1 0  |4 0  |6 822_000000000000000_MAR_D_K5  |7 0  |9 133114  |a SCP  |b SCP  |d 2014-02-11  |l 0  |o 822 MAR/D K5  |p SCP00637  |r 2014-02-11  |w 2014-02-11  |y BK